| 000 -LEADER |
| fixed length control field |
00706cam a2200241 a 4500 |
| 001 - CONTROL NUMBER |
| control field |
.b18204892 |
| 003 - CONTROL NUMBER IDENTIFIER |
| control field |
0 |
| 005 - DATE AND TIME OF LATEST TRANSACTION |
| control field |
20250421161118.0 |
| 008 - FIXED-LENGTH DATA ELEMENTS--GENERAL INFORMATION |
| fixed length control field |
190627s2018 enka b 000 0 eng d |
| 020 ## - INTERNATIONAL STANDARD BOOK NUMBER |
| International Standard Book Number |
9781787413429 : |
| Terms of availability |
NT$602 |
| 040 ## - CATALOGING SOURCE |
| Original cataloging agency |
CY |
| Transcribing agency |
0 |
| 042 ## - AUTHENTICATION CODE |
| Authentication code |
nbic |
| 050 #4 - LIBRARY OF CONGRESS CALL NUMBER |
| Classification number |
QL49 |
| Item number |
G196 |
| 090 ## - LOCALLY ASSIGNED LC-TYPE CALL NUMBER (OCLC); LOCAL CALL NUMBER (RLIN) |
| Classification number (OCLC) (R) ; Classification number, CALL (RLIN) (NR) |
QL49/G196/2018//////E129570 |
| 100 1# - MAIN ENTRY--PERSONAL NAME |
| Personal name |
Ganeri, Anita, |
| Dates associated with a name |
1961- |
| 245 10 - TITLE STATEMENT |
| Title |
Animal worlds of wonder / |
| Statement of responsibility, etc. |
illustrated by Maddy Vian ; [written by Anita Ganeri] |
| 260 ## - PUBLICATION, DISTRIBUTION, ETC. |
| Place of publication, distribution, etc. |
London : |
| Name of publisher, distributor, etc. |
20 Watt, |
| Date of publication, distribution, etc. |
c2018. |
| 300 ## - PHYSICAL DESCRIPTION |
| Extent |
79 p. : |
| Other physical details |
col. ill. ; |
| Dimensions |
31 cm. |
| 650 #0 - SUBJECT ADDED ENTRY--TOPICAL TERM |
| Topical term or geographic name entry element |
Animals |
| Form subdivision |
Juvenile literature. |
| 650 #0 - SUBJECT ADDED ENTRY--TOPICAL TERM |
| Topical term or geographic name entry element |
Habitat (Ecology) |
| Form subdivision |
Juvenile literature. |
| 700 1# - ADDED ENTRY--PERSONAL NAME |
| Personal name |
Vian, Maddy. |
| 942 ## - ADDED ENTRY ELEMENTS (KOHA) |
| Source of classification or shelving scheme |
|
| Koha item type |
Books - Non Ficton |